| 000 | 00879nam a22002417a 4500 | ||
|---|---|---|---|
| 999 |
_c162106 _d162106 |
||
| 005 | 20190813164013.0 | ||
| 010 | _a1819CHEN B-718356-376 | ||
| 020 |
_c175.00 _a9789387103030 |
||
| 035 | _aB-718356-376 | ||
| 035 | _aB-728590 | ||
| 037 | _bPansy Books | ||
| 082 | _aS | ||
| 100 | _aRao, Shruthi | ||
| 245 |
_aSusie will not speak / _cby Shruthi Rao ; illustrated by Lavanya Naidu |
||
| 260 |
_bDuckbill Books _aChennai _c2018 |
||
| 270 |
_bChennai _aF2, Oyster Operaa, 35/36 Gangai Street Kalakshetra Colony _e600090 |
||
| 300 |
_a65p.: _c20cm(Hb) _bill. |
||
| 500 | _aAirport | ||
| 700 | _aNaidu,Lavanya | ||
| 942 |
_2ddc _cCH _mRAO _hS |
||